<?xml version="1.0" encoding="UTF-8"?>
<record
    xmlns:xsi="http://www.w3.org/2001/XMLSchema-instance"
    xsi:schemaLocation="http://www.loc.gov/MARC21/slim http://www.loc.gov/standards/marcxml/schema/MARC21slim.xsd"
    xmlns="http://www.loc.gov/MARC21/slim">

  <leader>00767nam a22001577a 4500</leader>
  <controlfield tag="003">OSt</controlfield>
  <controlfield tag="005">20161127105746.0</controlfield>
  <controlfield tag="008">161127b        xxu||||| |||| 00| 0 eng d</controlfield>
  <datafield tag="040" ind1=" " ind2=" ">
    <subfield code="c">RUA</subfield>
  </datafield>
  <datafield tag="082" ind1=" " ind2=" ">
    <subfield code="a">AGR SRE B541 2014 Or.1</subfield>
  </datafield>
  <datafield tag="100" ind1=" " ind2=" ">
    <subfield code="9">11409</subfield>
    <subfield code="a">SRENG ROTHANAK; &#x179F;&#x17D2;&#x179A;&#x17C1;&#x1784; &#x179A;&#x178F;&#x1793;&#x17C8;</subfield>
  </datafield>
  <datafield tag="245" ind1=" " ind2=" ">
    <subfield code="a">Effective of mono Ammonium phosphate rate on the growth of romaine lettuce by hydroponic technique; &#x17A5;&#x1791;&#x17D2;&#x1792;&#x17B7;&#x1796;&#x179B;&#x179A;&#x1794;&#x179F;&#x17CB;&#x17A2;&#x178F;&#x17D2;&#x179A;&#x17B6;&#x1798;&#x17C9;&#x17BC;&#x178E;&#x17BC;&#x17A2;&#x17B6;&#x1798;&#x17C9;&#x17BC;&#x1789;&#x17CB;&#x17BC;&#x1798;&#x1795;&#x17BC;&#x179F;&#x17D2;&#x179C;&#x17B6;&#x178F;&#x179B;&#x17BE;&#x1780;&#x17B6;&#x179A;&#x179B;&#x17BC;&#x178F;&#x179B;&#x17B6;&#x179F;&#x17CB;&#x178A;&#x17C6;&#x178E;&#x17B6;&#x17C6;&#x179F;&#x17B6;&#x179B;&#x17B6;&#x178A;(Romaine)&#x178A;&#x17B6;&#x17C6;&#x178F;&#x17B6;&#x1798;&#x1794;&#x1785;&#x17D2;&#x1785;&#x17C1;&#x1780;&#x1791;&#x17C1;&#x179F;&#x17A2;&#x17CA;&#x17B8;&#x178A;&#x17D2;&#x179A;&#x17BC;&#x1794;&#x17C9;&#x17BC;&#x1793;&#x17B7;&#x1780;</subfield>
  </datafield>
  <datafield tag="260" ind1=" " ind2=" ">
    <subfield code="a">Phnom Penh</subfield>
    <subfield code="b">RUA</subfield>
    <subfield code="c">2014</subfield>
  </datafield>
  <datafield tag="300" ind1=" " ind2=" ">
    <subfield code="a">xi;44p;</subfield>
    <subfield code="b">ill;</subfield>
    <subfield code="c">29cm;</subfield>
  </datafield>
  <datafield tag="942" ind1=" " ind2=" ">
    <subfield code="2">ddc</subfield>
    <subfield code="c">AGR</subfield>
  </datafield>
  <datafield tag="999" ind1=" " ind2=" ">
    <subfield code="c">10966</subfield>
    <subfield code="d">10966</subfield>
  </datafield>
  <datafield tag="952" ind1=" " ind2=" ">
    <subfield code="0">0</subfield>
    <subfield code="1">0</subfield>
    <subfield code="2">ddc</subfield>
    <subfield code="4">0</subfield>
    <subfield code="6">AGR_SRE_B541_2014_000000000000000_OR_1</subfield>
    <subfield code="7">0</subfield>
    <subfield code="9">57865</subfield>
    <subfield code="a">LBB</subfield>
    <subfield code="b">LBB</subfield>
    <subfield code="c">B541</subfield>
    <subfield code="d">2016-11-27</subfield>
    <subfield code="l">2</subfield>
    <subfield code="o">AGR SRE B541 2014 Or.1</subfield>
    <subfield code="p">A04428</subfield>
    <subfield code="r">2021-12-14</subfield>
    <subfield code="s">2021-12-03</subfield>
    <subfield code="w">2016-11-27</subfield>
    <subfield code="y">AGR</subfield>
  </datafield>
  <datafield tag="952" ind1=" " ind2=" ">
    <subfield code="0">0</subfield>
    <subfield code="1">0</subfield>
    <subfield code="2">ddc</subfield>
    <subfield code="4">0</subfield>
    <subfield code="6">AGR_SRE_B541_2014_000000000000000_OR_2</subfield>
    <subfield code="7">0</subfield>
    <subfield code="9">57866</subfield>
    <subfield code="a">LBB</subfield>
    <subfield code="b">LBB</subfield>
    <subfield code="c">B541</subfield>
    <subfield code="d">2016-11-27</subfield>
    <subfield code="l">2</subfield>
    <subfield code="o">AGR SRE B541 2014 Or.2</subfield>
    <subfield code="p">A00313</subfield>
    <subfield code="r">2017-10-16</subfield>
    <subfield code="s">2017-09-26</subfield>
    <subfield code="w">2016-11-27</subfield>
    <subfield code="y">AGR</subfield>
  </datafield>
  <datafield tag="952" ind1=" " ind2=" ">
    <subfield code="0">0</subfield>
    <subfield code="1">0</subfield>
    <subfield code="2">ddc</subfield>
    <subfield code="4">0</subfield>
    <subfield code="6">AGR_SRE_B541_2014_000000000000000_OR_3</subfield>
    <subfield code="7">0</subfield>
    <subfield code="9">57867</subfield>
    <subfield code="a">LBB</subfield>
    <subfield code="b">LBB</subfield>
    <subfield code="c">B541</subfield>
    <subfield code="d">2016-11-27</subfield>
    <subfield code="l">1</subfield>
    <subfield code="o">AGR SRE B541 2014 Or.3</subfield>
    <subfield code="p">A00192</subfield>
    <subfield code="r">2022-04-01</subfield>
    <subfield code="s">2022-02-07</subfield>
    <subfield code="w">2016-11-27</subfield>
    <subfield code="y">AGR</subfield>
  </datafield>
  <datafield tag="952" ind1=" " ind2=" ">
    <subfield code="0">0</subfield>
    <subfield code="1">0</subfield>
    <subfield code="2">ddc</subfield>
    <subfield code="4">0</subfield>
    <subfield code="6">AGR_SRE_B541_2014_000000000000000_OR_4</subfield>
    <subfield code="7">0</subfield>
    <subfield code="9">57868</subfield>
    <subfield code="a">LBB</subfield>
    <subfield code="b">LBB</subfield>
    <subfield code="c">B541</subfield>
    <subfield code="d">2016-11-27</subfield>
    <subfield code="o">AGR SRE B541 2014 Or.4</subfield>
    <subfield code="p">RUA061004</subfield>
    <subfield code="r">2016-11-27</subfield>
    <subfield code="w">2016-11-27</subfield>
    <subfield code="y">AGR</subfield>
  </datafield>
  <datafield tag="952" ind1=" " ind2=" ">
    <subfield code="0">0</subfield>
    <subfield code="1">0</subfield>
    <subfield code="2">ddc</subfield>
    <subfield code="4">0</subfield>
    <subfield code="6">AGR_SRE_B541_2014_000000000000000_OR_5</subfield>
    <subfield code="7">0</subfield>
    <subfield code="9">57869</subfield>
    <subfield code="a">LBB</subfield>
    <subfield code="b">LBB</subfield>
    <subfield code="c">B541</subfield>
    <subfield code="d">2016-11-27</subfield>
    <subfield code="l">1</subfield>
    <subfield code="o">AGR SRE B541 2014 Or.5</subfield>
    <subfield code="p">A00474</subfield>
    <subfield code="r">2020-12-09</subfield>
    <subfield code="s">2020-12-01</subfield>
    <subfield code="w">2016-11-27</subfield>
    <subfield code="y">AGR</subfield>
  </datafield>
  <datafield tag="952" ind1=" " ind2=" ">
    <subfield code="0">0</subfield>
    <subfield code="1">0</subfield>
    <subfield code="2">ddc</subfield>
    <subfield code="4">0</subfield>
    <subfield code="6">AGR_SRE_B541_2014_000000000000000_OR_6</subfield>
    <subfield code="7">0</subfield>
    <subfield code="9">57870</subfield>
    <subfield code="a">LBB</subfield>
    <subfield code="b">LBB</subfield>
    <subfield code="c">B541</subfield>
    <subfield code="d">2016-11-27</subfield>
    <subfield code="o">AGR SRE B541 2014 Or.6</subfield>
    <subfield code="p">A02821</subfield>
    <subfield code="r">2016-11-27</subfield>
    <subfield code="w">2016-11-27</subfield>
    <subfield code="y">AGR</subfield>
  </datafield>
  <datafield tag="952" ind1=" " ind2=" ">
    <subfield code="0">0</subfield>
    <subfield code="1">0</subfield>
    <subfield code="2">ddc</subfield>
    <subfield code="4">0</subfield>
    <subfield code="6">AGR_SRE_B541_2014_000000000000000_OR_7</subfield>
    <subfield code="7">0</subfield>
    <subfield code="9">57871</subfield>
    <subfield code="a">LBB</subfield>
    <subfield code="b">LBB</subfield>
    <subfield code="c">B541</subfield>
    <subfield code="d">2016-11-27</subfield>
    <subfield code="o">AGR SRE B541 2014 Or.7</subfield>
    <subfield code="p">A00007</subfield>
    <subfield code="r">2016-11-27</subfield>
    <subfield code="w">2016-11-27</subfield>
    <subfield code="y">AGR</subfield>
  </datafield>
  <datafield tag="952" ind1=" " ind2=" ">
    <subfield code="0">0</subfield>
    <subfield code="1">0</subfield>
    <subfield code="2">ddc</subfield>
    <subfield code="4">0</subfield>
    <subfield code="6">AGR_SRE_B541_2014_000000000000000_OR_8</subfield>
    <subfield code="7">0</subfield>
    <subfield code="9">57872</subfield>
    <subfield code="a">LBB</subfield>
    <subfield code="b">LBB</subfield>
    <subfield code="c">B541</subfield>
    <subfield code="d">2016-11-27</subfield>
    <subfield code="o">AGR SRE B541 2014 Or.8</subfield>
    <subfield code="p">A02477</subfield>
    <subfield code="r">2016-11-27</subfield>
    <subfield code="w">2016-11-27</subfield>
    <subfield code="y">AGR</subfield>
  </datafield>
  <datafield tag="952" ind1=" " ind2=" ">
    <subfield code="0">0</subfield>
    <subfield code="1">0</subfield>
    <subfield code="2">ddc</subfield>
    <subfield code="4">0</subfield>
    <subfield code="6">AGR_SRE_2014_000000000000000_B691_OR_1</subfield>
    <subfield code="7">0</subfield>
    <subfield code="9">86911</subfield>
    <subfield code="a">LBB</subfield>
    <subfield code="b">LBB</subfield>
    <subfield code="c">B691</subfield>
    <subfield code="d">2021-09-28</subfield>
    <subfield code="o">AGR SRE 2014 B691 Or.1</subfield>
    <subfield code="p">a066025</subfield>
    <subfield code="r">2021-09-28</subfield>
    <subfield code="w">2021-09-28</subfield>
    <subfield code="y">AGR</subfield>
  </datafield>
  <datafield tag="952" ind1=" " ind2=" ">
    <subfield code="0">0</subfield>
    <subfield code="1">0</subfield>
    <subfield code="2">ddc</subfield>
    <subfield code="4">0</subfield>
    <subfield code="6">AGR_SRE_B043_2014_000000000000000_OR_1</subfield>
    <subfield code="7">0</subfield>
    <subfield code="9">88380</subfield>
    <subfield code="a">LBB</subfield>
    <subfield code="b">LBB</subfield>
    <subfield code="c">B043</subfield>
    <subfield code="d">2021-12-17</subfield>
    <subfield code="l">1</subfield>
    <subfield code="o">AGR SRE B043 2014 Or.1</subfield>
    <subfield code="p">a065811</subfield>
    <subfield code="r">2025-04-21</subfield>
    <subfield code="s">2025-03-18</subfield>
    <subfield code="w">2021-12-17</subfield>
    <subfield code="y">AGR</subfield>
  </datafield>
</record>
